Southampton FC Squad 2022-2023 - Statistics

General Stats
  • This quiz has been taken 193 times
    147 since last reset
  • The average score is 22 of 33
Answer Stats
# Position Nation Player % Correct
9 FW England Adam Armstrong
93%
17 MF Scotland Stuart Armstrong
93%
8 MF England James Ward-Prowse
90%
10 FW Scotland Ché Adams
85%
6 DF Croatia Duje Ćaleta-Car
84%
22 DF Ghana Mohammed Salisu
83%
1 GK England Alex McCarthy
82%
31 GK Ireland Gavin Bazunu
82%
35 DF Poland Jan Bednarek
80%
37 DF Germany Armel Bella-Kotchap
78%
2 DF England Kyle Walker-Peters
78%
11 FW Croatia Mislav Oršić
76%
45 MF Belgium Roméo Lavia
74%
4 DF Brazil Lyanco
73%
7 MF Nigeria Joe Aribo
72%
19 FW Mali Moussa Djenepo
70%
15 DF France Romain Perraud
63%
20 FW Ghana Kamaldeen Sulemana
62%
24 FW Norway Mohamed Elyounoussi
62%
- Coach Austria Ralph Hasenhüttl
62%
13 GK Argentina Willy Caballero
62%
26 MF Argentina Carlos Alcaraz
59%
18 FW France Sékou Mara
59%
12 FW Nigeria Paul Onuachu
57%
32 FW England Theo Walcott
55%
21 DF England Tino Livramento
55%
27 MF France Ibrahima Diallo
54%
- Coach Wales Nathan Jones
49%
- Coach Spain Rubén Sellés
48%
23 FW England Samuel Edozie
48%
3 MF England Ainsley Maitland-Niles
40%
28 DF Spain Juan Larios
35%
14 DF England James Bree
32%
No matching quizzes found
Score Distribution
Percent of People with Each Score
Percentile by Number Answered
Your Score History
You have not taken this quiz since the last reset